000 01088nas a2200337 4500
001 BR2012005164
003 BR-BrBNA
005 20231205120836.0
007 ta
008 230509b bl.|||p| |||| 00| 00por d
040 _aBR-BrBNA
_bpor
_cBiblioteca Nacional de Agricultura
041 _a(Pt)
072 _aP34; F04
100 1 _aCaputti, G.
100 1 _aCorbani, R.Z.
100 1 _aMazzoneto, F.
100 1 _aDairi, A.B.
100 1 _aSossai, V.L.M.
100 1 _aPizetta, L.C.
100 1 _aCardoso, A.M.
245 1 _aEfeito de fungos micorrízicos arbusculares no desenvolvimento de mudas de Citrus sinensis enxertadas em Citrus limonia, com diferentes doses de adubo fosfatado monoamônico em substrato arenoso
650 _aLIMÃO
650 _aLARANJA
650 _aMICORRIZA VESICULAR ARBUSCULAR
650 _aFUNGO
650 _aMUDA
650 _aFERTILIZANTE FOSFATADO
773 0 _tEcossistema (Brazil)
_xISSN 0100-4107
_g(Jan 2009-Dec 2010), v. 34(1) p. 105-110
_wBR2012005164
909 _a202311
_bLúcia
_c55
_dLúcia Elande
942 _2AGRIS
_n0
_cANA
999 _c220602
_d220602